00621 2200205 4500001002100000005001500021035002000036007000300056008004100059020002200100082001100122084001700133100007100150245009000221260003400311300004200345650000900387650000900396650001000405INLIS00000000000150920250924103611 a0010-0925000023ta250924 g 0 ind  a978-602-344-123-5 a633.18 a633.18 KEM a0 aKementerian Pertanian, Badan Penelitian dan Pengembangan Pertanian1 aAyo Kenali Padi /cKementerian Pertanian, Badan Penelitian dan Pengembangan Pertanian aJakarta :bIAARD Press,c2016 avi, 50 hlm. :bilus, ;c15 cm x 21 cm 4aBuku 4aPadi 4aKomik